10 miast najbliżej Łodzi - Statystyki

Ogólne statystyki
  • Ten quiz został rozwiązany 34 razy
  • Średni wynik to 7 z 10
Statystyki odpowiedzi
km Miasto % Poprawnych
11,2 Zgierz
100%
13,3 Pabianice
94%
12,4 Aleksandrów Łódzki
81%
9,1 Konstantynów Łódzki
69%
20,8 Brzeziny
66%
25,1 Koluszki
63%
10,9 Rzgów
63%
17,4 Tuszyn
56%
18,9 Stryków
53%
16,8 Lutomiersk
31%
Nie znaleziono quizów pasujących do podanych kryteriów
Rozkład punktacji
Procent ludzi z każdym wynikiem
Percentyl według liczby udzielonych odpowiedzi
Twoja historia wyników
Nie rozwiązałeś tego quizu